|
|
|
|
| LEADER |
00000nam2a2200000 4500 |
| 001 |
88981 |
| 005 |
20231101213633.0 |
| 035 |
|
|
|a (RuTPU)RU\TPU\book\95475
|
| 090 |
|
|
|a 88981
|
| 100 |
|
|
|a 20060112d1949 k y0rusy50 ca
|
| 101 |
1 |
|
|a rus
|c eng
|
| 105 |
|
|
|a a e 001zy
|
| 200 |
0 |
|
|a Т. 1 : ABIETIC ACID - DYPNONE
|
| 210 |
|
|
|d 1949
|
| 215 |
|
|
|a 1072 с.
|
| 461 |
|
1 |
|0 (RuTPU)RU\TPU\book\95467
|t Словарь органических соединений
|o строение, физические и химические свойства важнейших органических соединений и их производных
|o в 3 т.
|v Т. 1 : ABIETIC ACID - DYPNONE
|d 1949
|
| 606 |
1 |
|
|a Органические соединения
|2 stltpush
|3 (RuTPU)RU\TPU\subj\75465
|9 87229
|
| 610 |
1 |
|
|a словари
|
| 610 |
1 |
|
|a химия
|
| 610 |
1 |
|
|a химические названия
|
| 610 |
1 |
|
|a изомеры
|
| 610 |
1 |
|
|a физические свойства
|
| 610 |
1 |
|
|a химические свойства
|
| 675 |
|
|
|a 547(038)
|v 3
|
| 801 |
|
1 |
|a RU
|b 63413507
|c 20060112
|g PSBO
|
| 801 |
|
2 |
|a RU
|b 63413507
|c 20161209
|g PSBO
|
| 942 |
|
|
|c BK
|